Normal view
MARC view
Entry Topical Term
001 - CONTROL NUMBER
- control field: 14019
003 - CONTROL NUMBER IDENTIFIER
- control field: ARRUPE
005 - DATE AND TIME OF LATEST TRANSACTION
- control field: 20150115125353.0
008 - FIXED-LENGTH DATA ELEMENTS
- fixed length control field: 150115|| aca||aabn | a|a d
040 ## - CATALOGING SOURCE
- Original cataloging agency: ARRUPE
- Transcribing agency: ARRUPE
150 ## - HEADING--TOPICAL TERM
- Topical term or geographic name as entry element: Mathematics
- General subdivision: History.
670 ## - SOURCE DATA FOUND
- Source citation: Work cat.: (ARRUPE)0: Kline, Morris, 1908-1992. 7526, Mathematics, the loss of certainty /, 1980.